Statistics for Poorest Countries Of Asia

Click here to take the quiz!

General Stats

  • This quiz has been taken 57 times
  • The average score is 6 of 8

Answer Stats

Answer% Correct
Afghanistan
89%
Yemen
85%
Nepal
83%
Bangladesh
79%
North Korea
79%
Cambodia
77%
Tajikistan
72%
Kyrgyzstan
62%

Score Distribution

Percentile by Number Answered

Percent of People with Each Score

Your Score History

You have not taken this quiz